| 000 | 01443njm a22003013a 4500 | ||
|---|---|---|---|
| 005 | 20020122140905.0 | ||
| 008 | 020122s2000 xxuuun | ||
| 010 | _aB-345582-584 | ||
| 020 |
_a0746062265 _c65.00 |
||
| 020 |
_a9780746062265 _c65.00 |
||
| 035 | _aB-345582-584 | ||
| 037 | _bTarun Books | ||
| 040 |
_adpl _bEnglish |
||
| 082 | _aS | ||
| 100 | _aCox, Phil Roxbee | ||
| 245 |
_aMystery mansion / _cby Phil Roxbee Cox; adapted by Jane Bingham; illustrated by Sue Hellard |
||
| 260 |
_c2004 _aLondon _bUsborne Publishing |
||
| 270 |
_aUsborn House, 83-85 Saffron Hill _bLondon |
||
| 300 |
_a64p.: _bill. _c20cm(pbk) |
||
| 490 | _aUsborne young reading; series two; edited by Lesley Sims | ||
| 700 | _aBingham, Jane | ||
| 700 | _aHellard, Sue | ||
| 942 |
_2ddc _cCH _hS _mCOX |
||
| 999 |
_c21819 _d21819 |
||